| 000 | 00700pam a2200241 a 4500 | ||
|---|---|---|---|
| 001 | 1964998 | ||
| 005 | 20231122014429.0 | ||
| 008 | 880630s1989 enk b 001 0 eng | ||
| 020 | _a0415028353 | ||
| 020 | _a0415028361 (pbk.) | ||
| 040 |
_aDLC _cDLC _dDLC |
||
| 082 | 0 | 0 |
_a305.4/2 _219 _bCAR |
| 100 | 1 | _aRamazanoglu, Caroline, | |
| 245 | 1 | 0 |
_aFeminism and the contradictions of oppression / _cCaroline Ramazanoglu. |
| 260 |
_aLondon ; _aNew York : _bRoutledge, _c1989. |
||
| 300 | _aix, 218 p. ; | ||
| 500 | _aIncludes index. | ||
| 650 | 0 | _aFeminism. | |
| 650 | 0 | _aPatriarchy. | |
| 650 | 0 | _aWomen's rights. | |
| 856 | 4 | 2 | _uhttp://www.loc.gov/catdir/enhancements/fy0648/88018509-d.html |
| 942 | _cL | ||
| 999 |
_c33 _d33 |
||